000 00722nam a2200265Ia 4500
001 4116
005 20240113233714.0
007 ta
008 050608s1976 g b000 u hin u
020 _cHB
040 _aCotton College,Assam
041 _ahin
082 _a891.43309
_bSa 59 Up
100 _aSahgal, Manmohan .
245 0 _aUpanyaskar Jainendra: Mulyankan aur Mulyankan /
_cManmohan Sahgal.
_hTextual Documents
250 _a1st ed. /
260 _aDelhi :
_bSahitya Bharati ,
_c1976.
300 _a303p. ;
_c22cm.
653 _aHindi fiction-Criticism
653 _aNovelists-Jainendra-Criticism
653 _aGen-Hindi
942 _2ddc
_cBK
999 _c4104
_d4104